| 000 | 01022nam a2200301 i 4500 | ||
|---|---|---|---|
| 001 | 000003280 | ||
| 003 | DO-SdBNP | ||
| 005 | 20240307073941.0 | ||
| 007 | ta | ||
| 008 | 090707s2002 dr d 000 0 spa d | ||
| 020 | _a89525498 | ||
| 040 |
_aDO-SdBNP _bspa _cBNPHU _erda |
||
| 082 |
_a530.078 _bP349f _222 |
||
| 100 | 1 |
_aPeña V., Nirto _910330 |
|
| 245 | 1 | 0 |
_aFísica II : _bmanual de prácticas de laboratorio / _cNirto Peña, Brasilda Contreras, Leonte Ramírez. |
| 264 | 1 |
_aSanto Domingo : _bINTEC, _c2002. |
|
| 300 |
_a61 páginas _bgrafícas _c27 cm. |
||
| 336 |
_2rdacontent _atexto _btxt |
||
| 337 |
_2rdamedia _asin mediación _bn |
||
| 338 |
_2rdacarrier _avolumen _bnc |
||
| 500 | _aLibro de ejercicios prácticos | ||
| 500 | _aIncluye breve bibliográfia de los autores | ||
| 650 | 4 |
_aFísica _vMANUALES DE LABORATORIO. _910331 |
|
| 700 | 1 |
_aContreras, Brasilda. _910332 _eautora |
|
| 700 | 1 |
_aRamírez, Leonte. _910333 _eautor |
|
| 710 | 2 |
_aInstituto Tecnológico de Santo Domingo _978911 |
|
| 942 |
_2ddc _cLBS1 |
||
| 999 |
_c3111 _d3111 |
||